La cultura y el arte /
Zapisane w:
| 1. autor: | |
|---|---|
| Format: | Nieznany |
| Hasła przedmiotowe: | |
| Etykiety: |
Dodaj etykietę
Nie ma etykietki, Dołącz pierwszą etykiete!
|
MARC
| LEADER | 000000000a22000000004500 | ||
|---|---|---|---|
| 001 | 005667 | ||
| 100 | 1 | |a Cuevas Molina, Rafael, |d 1954- | |
| 245 | 1 | 3 | |a La cultura y el arte / |c Rafael Cuevas Molina. |
| 310 | |a Semestral | ||
| 650 | 4 | |a CULTURA | |
| 650 | 4 | |a ARTE | |
| 773 | 0 | |d Heredia, Costa Rica : Editorial de la Universidad Nacional |t Letras |g número 13-14 (1987), páginas 113-127 | |
| 942 | |c ARC | ||
| 999 | |c 12422 |d 12422 | ||
